| 000 | 00461nam a22001817a 4500 | ||
|---|---|---|---|
| 005 | 20180201125551.0 | ||
| 008 | 160523b xxu||||| |||| 00| 0 eng d | ||
| 020 | _a0-07-047242-4 | ||
| 041 | _aeng | ||
| 082 |
_b4462 _a004 |
||
| 100 |
_aLucas, Henry C. Jr _91099 |
||
| 245 | _aInformation Technology for Management | ||
| 250 | _a7th ed. | ||
| 260 |
_aNew Delhi _bAcademic Faundation |
||
| 300 | _a699 | ||
| 650 |
_aInformation Technology _9137 |
||
| 942 | _cBK | ||
| 999 |
_c1493 _d1493 |
||